000 00640nam a2200277Ia 4500
005 20260324122649.0
008 008 260324s9999 xx 000 0 eng d
020 _a9780203123263
037 _aEBOOK
040 _aCRL
040 _beng
040 _cCRL
041 _2eng
041 _aeng
084 _qCRL
100 _aPekka Sutela
_91167324
245 4 _aThe Political Economy of Putin's Russia
260 _bTaylor and Francis
260 _c2012
365 _a
365 _b265
856 _uhttp://www.taylorfrancis.com/books/9780203123263
942 _cEBOOK
999 _c1760249
_d1760249